[Event "4. Moscu Open 2008"]
[Site "Moscu RUS"]
[Date "2008.02.06"]
[Round "5.19"]
[White "Yandemirov, Valeri"]
[Black "Sutovsky, Emil"]
[Result "1/2-1/2"]
[WhiteElo "2461"]
[BlackElo "2642"]
[PlyCount "38"]
[EventDate "2008.02.02"]
[EventType "swiss"]
[EventRounds "9"]
[EventCountry "RUS"]
[Source "lmi"]
[SourceDate "2008.02.02"]

1. e4 c5 2. Nf3 d6 3. d4 cxd4 4. Nxd4 Nf6 5. f3 e5 6. Bb5+ Nbd7 7. Nf5 d5 8.
exd5 a6 9. Ba4 b5 10. Bb3 Nc5 11. Ne3 Nxb3 12. axb3 Bc5 13. c4 Nh5 14. g3 O-O
15. Nc3 Qb6 16. Qe2 Bh3 17. Nc2 Bd4 18. Be3 bxc4 19. bxc4 Bf5 1/2-1/2

[Event "4. Moscu Open 2008"]
[Site "Moscu RUS"]
[Date "2008.02.06"]
[Round "5.20"]
[White "Ivanov, Oleg V"]
[Black "Aleksandrov, Aleksej"]
[Result "1/2-1/2"]
[WhiteElo "2454"]
[BlackElo "2618"]
[PlyCount "90"]
[EventDate "2008.02.02"]
[EventType "swiss"]
[EventRounds "9"]
[EventCountry "RUS"]
[Source "lmi"]
[SourceDate "2008.02.02"]

1. e4 e5 2. Nf3 Nc6 3. Bb5 Nf6 4. O-O Nxe4 5. d4 Nd6 6. Bxc6 dxc6 7. dxe5 Nf5
8. Qxd8+ Kxd8 9. Nc3 Bd7 10. b3 Kc8 11. Bb2 b6 12. Rad1 Be7 13. g3 a5 14. a4
Rd8 15. h3 h5 16. Bc1 Kb7 17. Bg5 Bxg5 18. Nxg5 Nh6 19. Rfe1 Bf5 20. Rxd8 Rxd8
21. Re2 Re8 22. f3 Bg6 23. Kf2 Nf5 24. f4 Nd4 25. Rd2 c5 26. Nb5 Nxb5 27. axb5
f6 28. Nf3 Bf5 29. Kg2 c6 30. bxc6+ Kxc6 31. c4 Kc7 32. Re2 Bd7 33. Re3 b5 34.
cxb5 Kb6 35. Rd3 Bxb5 36. Rd6+ Bc6 37. Kf2 Kc7 38. Nd2 fxe5 39. Rg6 exf4 40.
Rxg7+ Bd7 41. gxf4 Kc6 42. Nc4 Bxh3 43. Nxa5+ Kb5 44. Nc4 Rf8 45. Rg5 Bg4
1/2-1/2

[Event "4. Moscu Open 2008"]
[Site "Moscu RUS"]
[Date "2008.02.06"]
[Round "5.21"]
[White "Guseinov, Gadir"]
[Black "Ponkratov, Pavel"]
[Result "1-0"]
[WhiteElo "2617"]
[BlackElo "2489"]
[PlyCount "89"]
[EventDate "2008.02.02"]
[EventType "swiss"]
[EventRounds "9"]
[EventCountry "RUS"]
[Source "lmi"]
[SourceDate "2008.02.02"]

1. e4 e6 2. Nc3 d5 3. d4 Bb4 4. Nge2 dxe4 5. a3 Be7 6. Nxe4 Nd7 7. g3 Ngf6 8.
Nxf6+ Bxf6 9. Bg2 O-O 10. O-O c5 11. Be3 Qc7 12. c3 Rd8 13. Qc2 Rb8 14. dxc5
Nxc5 15. b4 Nd7 16. Bxa7 Ra8 17. Bd4 e5 18. Be3 Nb6 19. Bxb6 Qxb6 20. Be4 g6
21. c4 Be6 22. c5 Qa6 23. a4 Be7 24. Rfe1 f5 25. Bg2 Bf6 26. Nc3 e4 27. Bf1 Qc6
28. Rad1 h5 29. Nb5 Kg7 30. Bc4 Rxd1 31. Rxd1 Bxc4 32. Qxc4 Rxa4 33. Nd6 Qd7
34. Qb3 Ra1 35. Rxa1 Bxa1 36. Qd5 Kf8 37. b5 Qe7 38. Kg2 Bb2 39. b6 Ba3 40. Qd4
Qd7 41. Qf6+ Kg8 42. Qxg6+ Kf8 43. Qf6+ Kg8 44. Qc3 e3 45. Qxa3 1-0

[Event "4. Moscu Open 2008"]
[Site "Moscu RUS"]
[Date "2008.02.06"]
[Round "5.22"]
[White "Khusnutdinov, Rustam"]
[Black "Burmakin, Vladimir"]
[Result "1/2-1/2"]
[WhiteElo "2452"]
[BlackElo "2611"]
[PlyCount "54"]
[EventDate "2008.02.02"]
[EventType "swiss"]
[EventRounds "9"]
[EventCountry "RUS"]
[Source "lmi"]
[SourceDate "2008.02.02"]

1. d4 d5 2. c4 c6 3. Nf3 Nf6 4. e3 Bf5 5. Nc3 e6 6. Nh4 Be4 7. Qb3 Qb6 8. Nf3
Nbd7 9. Nxe4 Nxe4 10. Bd3 Bb4+ 11. Ke2 Be7 12. Rg1 dxc4 13. Bxc4 Nd6 14. Bd3
Qxb3 15. axb3 O-O 16. e4 Rfe8 17. g4 Nc8 18. Be3 Bd6 19. h4 e5 20. Bc2 exd4 21.
Nxd4 Nf6 22. Kf3 Be5 23. g5 Nh5 24. Rg4 g6 25. Kg2 Bc7 26. f4 Nb6 27. Nf3 a6
1/2-1/2

[Event "4. Moscu Open 2008"]
[Site "Moscu RUS"]
[Date "2008.02.06"]
[Round "5.23"]
[White "Vitiugov, Nikita"]
[Black "Ulko, Jaroslav"]
[Result "1/2-1/2"]
[WhiteElo "2609"]
[BlackElo "2482"]
[PlyCount "61"]
[EventDate "2008.02.02"]
[EventType "swiss"]
[EventRounds "9"]
[EventCountry "RUS"]
[Source "lmi"]
[SourceDate "2008.02.02"]

1. d4 Nf6 2. c4 e6 3. Nf3 Bb4+ 4. Nbd2 b6 5. a3 Bxd2+ 6. Qxd2 Bb7 7. e3 O-O 8.
Be2 d6 9. O-O a5 10. b3 Nbd7 11. Bb2 Ne4 12. Qc2 f5 13. Rad1 Qe7 14. d5 e5 15.
Ne1 Qg5 16. Bc1 Qg6 17. f3 Nef6 18. f4 Ng4 19. h3 Nh6 20. Nf3 Rad8 21. b4 axb4
22. axb4 Bc8 23. Bb2 Qg3 24. Bc3 Nf6 25. Qb2 Nf7 26. Ra1 Nh5 27. Be1 Qg6 28.
Nh4 Qh6 29. Ra8 g6 30. g3 Nf6 31. Bf3 1/2-1/2

[Event "4. Moscu Open 2008"]
[Site "Moscu RUS"]
[Date "2008.02.06"]
[Round "5.24"]
[White "Kachko, Alexander"]
[Black "Fedorov, Alexei"]
[Result "1/2-1/2"]
[WhiteElo "2419"]
[BlackElo "2607"]
[PlyCount "78"]
[EventDate "2008.02.02"]
[EventType "swiss"]
[EventRounds "9"]
[EventCountry "RUS"]
[Source "lmi"]
[SourceDate "2008.02.02"]

1. e4 c5 2. Nc3 Nc6 3. g3 g6 4. Bg2 Bg7 5. d3 d6 6. Nge2 Nf6 7. O-O O-O 8. h3
e5 9. f4 exf4 10. Nxf4 Rb8 11. Be3 b5 12. Qd2 b4 13. Nce2 Bb7 14. g4 a5 15. c4
bxc3 16. bxc3 a4 17. Rab1 Qa5 18. g5 Nd7 19. Nd5 Nce5 20. Nf6+ Nxf6 21. gxf6
Bh8 22. Bh6 Rfe8 23. Nf4 Bc6 24. Rbc1 a3 25. Qf2 Rb2 26. Qg3 Qd8 27. d4 Nd7 28.
d5 Bb5 29. c4 Nxf6 30. cxb5 Nxe4 31. Bxe4 Bd4+ 32. Kh1 Rxe4 33. Ne6 Qe8 34.
Nxd4 cxd4 35. Rfe1 d3 36. Qh4 Rbe2 37. Rxe2 dxe2 38. Qe1 Qxb5 39. Qc3 f6
1/2-1/2

[Event "4. Moscu Open 2008"]
[Site "Moscu RUS"]
[Date "2008.02.06"]
[Round "5.25"]
[White "Korotylev, Alexey"]
[Black "Gutov, Andrey"]
[Result "1/2-1/2"]
[WhiteElo "2607"]
[BlackElo "2467"]
[PlyCount "77"]
[EventDate "2008.02.02"]
[EventType "swiss"]
[EventRounds "9"]
[EventCountry "RUS"]
[Source "lmi"]
[SourceDate "2008.02.02"]

1. Nf3 Nf6 2. c4 e6 3. Nc3 d5 4. d4 Bb4 5. cxd5 exd5 6. Bg5 h6 7. Bh4 g5 8. Bg3
Ne4 9. Nd2 Nxc3 10. bxc3 Bxc3 11. Rc1 Bb2 12. Bxc7 Qe7 13. Bd6 Qe6 14. Rb1 Bc3
15. Ba3 Nc6 16. e3 Bxd4 17. Bb5 Be5 18. O-O Bd6 19. Bxd6 Qxd6 20. Ne4 Qe5 21.
Qxd5 Qxd5 22. Nf6+ Kf8 23. Nxd5 Bf5 24. Rbc1 Rc8 25. f4 Be6 26. e4 gxf4 27.
Nxf4 Ke7 28. Nxe6 fxe6 29. Rfd1 Ne5 30. Be2 Rhd8 31. Kf2 Rxc1 32. Rxc1 Nd3+ 33.
Bxd3 Rxd3 34. Rc7+ Kf6 35. Rxb7 Rd2+ 36. Kf3 Rxa2 37. Rh7 Kg6 38. Re7 Kf6 39.
Rh7 1/2-1/2

[Event "4. Moscu Open 2008"]
[Site "Moscu RUS"]
[Date "2008.02.06"]
[Round "5.26"]
[White "Iordachescu, Viorel"]
[Black "Looshnikov, Nikolai"]
[Result "1/2-1/2"]
[WhiteElo "2586"]
[BlackElo "2454"]
[PlyCount "35"]
[EventDate "2008.02.02"]
[EventType "swiss"]
[EventRounds "9"]
[EventCountry "RUS"]
[Source "lmi"]
[SourceDate "2008.02.02"]

1. e4 e5 2. Nf3 Nc6 3. Bb5 a6 4. Ba4 Nf6 5. O-O Bc5 6. d3 b5 7. Bb3 d6 8. a4
Rb8 9. axb5 axb5 10. Nc3 Bg4 11. Be3 Nd4 12. Bxd4 Bxd4 13. h3 Bxf3 14. Qxf3 O-O
15. Ra2 c6 16. Ne2 Bb6 17. c3 Qe7 18. Ng3 1/2-1/2

[Event "4. Moscu Open 2008"]
[Site "Moscu RUS"]
[Date "2008.02.06"]
[Round "5.27"]
[White "Eliseev, Alexei"]
[Black "Kurnosov, Igor"]
[Result "0-1"]
[WhiteElo "2412"]
[BlackElo "2577"]
[PlyCount "116"]
[EventDate "2008.02.02"]
[EventType "swiss"]
[EventRounds "9"]
[EventCountry "RUS"]
[Source "lmi"]
[SourceDate "2008.02.02"]

1. c4 g6 2. Nc3 c5 3. Nf3 Bg7 4. d4 cxd4 5. Nxd4 Nc6 6. Nc2 Bxc3+ 7. bxc3 Qa5
8. e4 Nf6 9. Qd3 d6 10. f3 Be6 11. Ne3 Rc8 12. Bd2 Ne5 13. Qb1 b6 14. Qb5+ Nfd7
15. Be2 Qxb5 16. cxb5 Nc4 17. h4 h5 18. Nxc4 Bxc4 19. a4 Ne5 20. Kf2 Bxe2 21.
Kxe2 Nc4 22. Be1 Kd7 23. Bf2 Na5 24. Kd3 Rc4 25. Ra3 f5 26. Rh3 Rf8 27. Be3
fxe4+ 28. fxe4 Rf1 29. Ra2 Rc8 30. Rf3 Rh1 31. g3 Nc4 32. Bd4 Ke6 33. Ke2 Ne5
34. Rf1 Rxf1 35. Kxf1 Nf3 36. Bf2 Rxc3 37. a5 Ne5 38. Kg2 Nd7 39. axb6 axb6 40.
Ra6 Rc2 41. Kf1 Rb2 42. Bxb6 Rb4 43. Ra7 Rxe4 44. Kf2 Rc4 45. Ke3 Rc8 46. Ba5
Ne5 47. Be1 Rc1 48. Ke2 Nc6 49. Ra4 Kd5 50. Bd2 Rc4 51. Ra8 Nd4+ 52. Kd3 Nf5
53. Bf4 e5 54. Bg5 Rg4 55. Rg8 Rxg3+ 56. Ke2 Rg4 57. Rxg6 Nxh4 58. Rg7 Nf5 0-1

[Event "4. Moscu Open 2008"]
[Site "Moscu RUS"]
[Date "2008.02.06"]
[Round "5.28"]
[White "Andreikin, Dmitry"]
[Black "Sitnikov, Anton"]
[Result "1/2-1/2"]
[WhiteElo "2573"]
[BlackElo "2450"]
[PlyCount "62"]
[EventDate "2008.02.02"]
[EventType "swiss"]
[EventRounds "9"]
[EventCountry "RUS"]
[Source "lmi"]
[SourceDate "2008.02.02"]

1. e4 e6 2. d4 d5 3. Nc3 Bb4 4. exd5 exd5 5. Bd3 c6 6. Bf4 Ne7 7. Qf3 Ng6 8.
Bd2 Nh4 9. Qh5 g6 10. Qe5+ Qe7 11. Bg5 Qxe5+ 12. dxe5 Be7 13. Bxe7 Kxe7 14. g3
Nf5 15. f4 Nh6 16. h3 f6 17. exf6+ Kxf6 18. g4 Nf7 19. Nf3 Nd7 20. Kf2 Nc5 21.
b4 Ne6 22. Kg3 Bd7 23. h4 h6 24. Raf1 Kg7 25. f5 gxf5 26. gxf5 Nc7 27. Rhg1
Rhg8 28. Kf4+ Kf6 29. Rg6+ Rxg6 30. fxg6 Nd6 31. Kg3 Re8 1/2-1/2

[Event "4. Moscu Open 2008"]
[Site "Moscu RUS"]
[Date "2008.02.06"]
[Round "5.29"]
[White "Evdokimov, Alexander A"]
[Black "Yatsenko, Alexey"]
[Result "1-0"]
[WhiteElo "2569"]
[BlackElo "2442"]
[PlyCount "107"]
[EventDate "2008.02.02"]
[EventType "swiss"]
[EventRounds "9"]
[EventCountry "RUS"]
[Source "lmi"]
[SourceDate "2008.02.02"]

1. d4 d6 2. Nf3 Bg4 3. c4 Nd7 4. g3 Ngf6 5. Bg2 c6 6. d5 Bxf3 7. Bxf3 cxd5 8.
cxd5 g6 9. O-O Bg7 10. Nc3 O-O 11. Be3 Qa5 12. Bd4 Rfc8 13. e3 a6 14. a3 Qd8
15. Bg2 Nb6 16. Bh3 Nbd7 17. Na4 Rc7 18. Nb6 Rb8 19. a4 Nf8 20. a5 N6d7 21.
Bxg7 Kxg7 22. Rc1 Kg8 23. Qd4 Ne5 24. Kg2 Ned7 25. b4 h5 26. Kh1 Kh7 27. f4 Kg8
28. Kg1 f6 29. Rfe1 Kf7 30. e4 Kg8 31. Rcd1 Kh7 32. Rc1 Kg8 33. Rf1 Kh7 34.
Rce1 Kg8 35. Rf2 Kh7 36. e5 f5 37. Bg2 Kg8 38. h3 dxe5 39. fxe5 Nxb6 40. Qxb6
Rc3 41. g4 Qxb6 42. axb6 fxg4 43. hxg4 Nd7 44. e6 Nxb6 45. gxh5 Rg3 46. d6 exd6
47. h6 Re8 48. Rf7 Nd5 49. Kh2 b5 50. Ref1 Ne7 51. Rg7+ Kh8 52. Rxe7 Rxe7 53.
Rf8+ Kh7 54. Rf7+ 1-0

[Event "4. Moscu Open 2008"]
[Site "Moscu RUS"]
[Date "2008.02.06"]
[Round "5.30"]
[White "Khairullin, Ildar"]
[Black "Mozharov, Mikhail"]
[Result "1/2-1/2"]
[WhiteElo "2544"]
[BlackElo "2434"]
[PlyCount "69"]
[EventDate "2008.02.02"]
[EventType "swiss"]
[EventRounds "9"]
[EventCountry "RUS"]
[Source "lmi"]
[SourceDate "2008.02.02"]

1. e4 c5 2. Nf3 d6 3. d4 cxd4 4. Nxd4 Nf6 5. Nc3 a6 6. Be3 e5 7. Nf3 Be7 8. Bc4
O-O 9. O-O Be6 10. Bxe6 fxe6 11. Na4 Ng4 12. Qd3 Nxe3 13. Qxe3 b5 14. Nb6 Ra7
15. Nd5 Rb7 16. Qd3 Nd7 17. Nxe7+ Qxe7 18. Rfd1 Rb6 19. Nd2 Nc5 20. Qe3 Rc6 21.
c4 Rb8 22. b3 b4 23. Nf3 a5 24. Ne1 a4 25. Rab1 axb3 26. axb3 Ra8 27. Nd3 Nxd3
28. Rxd3 Raa6 29. Qd2 Qb7 30. Rd1 Qb6 31. h3 h6 32. Rg3 Kh7 33. Qe2 Qd8 34. Qh5
Qe7 35. Rf3 1/2-1/2

[Event "4. Moscu Open 2008"]
[Site "Moscu RUS"]
[Date "2008.02.06"]
[Round "5.31"]
[White "Kalashian, David"]
[Black "Chernyshov, Konstantin"]
[Result "1-0"]
[WhiteElo "2379"]
[BlackElo "2543"]
[PlyCount "105"]
[EventDate "2008.02.02"]
[EventType "swiss"]
[EventRounds "9"]
[EventCountry "RUS"]
[Source "lmi"]
[SourceDate "2008.02.02"]

1. d4 Nf6 2. c4 e6 3. Nc3 Bb4 4. e3 b6 5. Nf3 Bb7 6. Bd3 O-O 7. O-O Bxc3 8.
bxc3 d6 9. Nd2 e5 10. e4 Re8 11. f3 Nc6 12. Nb3 Ne7 13. a4 a5 14. c5 Ng6 15.
cxb6 cxb6 16. d5 Re7 17. Be3 Nd7 18. Rb1 Qc8 19. Qd2 Ba6 20. Rb2 Bxd3 21. Qxd3
Nf4 22. Bxf4 exf4 23. Nd2 Qc5+ 24. Qd4 Rc8 25. Qxc5 Rxc5 26. Rc1 g6 27. c4 Rc8
28. g3 fxg3 29. hxg3 f5 30. Kg2 Kg7 31. Re1 Kf6 32. Rbb1 Rce8 33. Kf1 h5 34.
Kg2 Kg5 35. c5 Nxc5 36. Nc4 fxe4 37. f4+ Kh6 38. Rxb6 e3 39. Nxd6 Rf8 40. Nc4
Nxa4 41. Re6 Rxe6 42. dxe6 Re8 43. Rxe3 Kg7 44. Nd6 Re7 45. Nc8 Re8 46. Nd6 Re7
47. f5 Kf6 48. Nc8 Re8 49. Nd6 Re7 50. Ra3 Nb6 51. Rf3 Ke5 52. f6 Rxe6 53. Nc4+
1-0

[Event "4. Moscu Open 2008"]
[Site "Moscu RUS"]
[Date "2008.02.06"]
[Round "5.33"]
[White "Le, Quang Liem"]
[Black "Borisenko, Andrei"]
[Result "1-0"]
[WhiteElo "2540"]
[BlackElo "2420"]
[PlyCount "89"]
[EventDate "2008.02.02"]
[EventType "swiss"]
[EventRounds "9"]
[EventCountry "RUS"]
[Source "lmi"]
[SourceDate "2008.02.02"]

1. d4 d5 2. Nf3 Nf6 3. c4 c6 4. Nc3 dxc4 5. a4 Bf5 6. e3 Bd3 7. Bxd3 cxd3 8.
Qxd3 e6 9. O-O Na6 10. e4 Be7 11. Bg5 h6 12. Bh4 O-O 13. Rad1 Re8 14. Ne5 Nd7
15. Nxc6 bxc6 16. Bxe7 Qa5 17. Bd6 Nb6 18. b3 Red8 19. e5 Nc8 20. Ne4 f5 21.
Nd2 Nxd6 22. exd6 Rab8 23. Rfe1 Nb4 24. Qg3 f4 25. Qg6 Qf5 26. Qxe6+ Qxe6 27.
Rxe6 Nc2 28. Nf3 Rxb3 29. h4 Kf7 30. Re2 Nb4 31. Re7+ Kf6 32. Rxa7 Rxd6 33. Rb7
c5 34. Re1 c4 35. Nd2 Nc2 36. Nxc4 Rxd4 37. Rxb3 Nxe1 38. Nb2 Nc2 39. a5 Rd5
40. Rb6+ Kf5 41. a6 Ra5 42. Nc4 Ra1+ 43. Kh2 Nd4 44. Rd6 Nb3 45. Rd3 1-0

[Event "4. Moscu Open 2008"]
[Site "Moscu RUS"]
[Date "2008.02.06"]
[Round "5.34"]
[White "Chernobay, Artem"]
[Black "Rakhmanov, Aleksandr"]
[Result "1/2-1/2"]
[WhiteElo "2401"]
[BlackElo "2524"]
[PlyCount "92"]
[EventDate "2008.02.02"]
[EventType "swiss"]
[EventRounds "9"]
[EventCountry "RUS"]
[Source "lmi"]
[SourceDate "2008.02.02"]

1. e4 e6 2. d4 d5 3. Nc3 Nf6 4. Bg5 dxe4 5. Nxe4 Be7 6. Bxf6 gxf6 7. Nf3 b6 8.
Bc4 Bb7 9. Qe2 c6 10. O-O-O Qc7 11. Kb1 Nd7 12. Nc3 b5 13. Bb3 Nb6 14. Rhe1
O-O-O 15. Ne4 a5 16. a3 Kb8 17. Nc5 Bc8 18. c4 b4 19. Qe3 bxa3 20. bxa3 Qa7 21.
Ka1 Bxc5 22. dxc5 Nd7 23. Ba4 Bb7 24. Nd4 Qxc5 25. Rb1 Kc7 26. Red1 Qe5 27. Qc3
Rb8 28. f4 Qc5 29. Nb5+ cxb5 30. Rxb5 Qe7 31. Rxd7+ Qxd7 32. Qxa5+ Kd6 33. Qb4+
Kc7 34. Qa5+ Kd6 35. Qb4+ Kc7 36. Rc5+ Bc6 37. Rxc6+ Qxc6 38. Qe7+ Kb6 39. Bxc6
Kxc6 40. Qxf7 Rhd8 41. Qxe6+ Kc5 42. Qe2 Re8 43. Qc2 Re3 44. Ka2 Rbe8 45. Qxh7
Re2+ 46. Kb3 R2e3+ 1/2-1/2

[Event "4. Moscu Open 2008"]
[Site "Moscu RUS"]
[Date "2008.02.06"]
[Round "5.35"]
[White "Pileckis, Emilis"]
[Black "Hossain, Enamul"]
[Result "1-0"]
[WhiteElo "2364"]
[BlackElo "2522"]
[PlyCount "57"]
[EventDate "2008.02.02"]
[EventType "swiss"]
[EventRounds "9"]
[EventCountry "RUS"]
[Source "lmi"]
[SourceDate "2008.02.02"]

1. Nf3 Nf6 2. c4 c6 3. d4 d5 4. Nc3 dxc4 5. a4 Bf5 6. Ne5 Na6 7. e3 Nb4 8. Bxc4
e6 9. O-O Bd6 10. Qe2 Bxe5 11. dxe5 Ne4 12. Rd1 Qa5 13. Nxe4 Bxe4 14. Bd2 O-O
15. Bc3 Qc5 16. Rd4 Bg6 17. Rad1 Rab8 18. Bxe6 Nc2 19. Rc4 Qe7 20. Bg4 Rfd8 21.
e4 Rxd1+ 22. Qxd1 b5 23. Rxc6 Bxe4 24. axb5 h5 25. Rc8+ Rxc8 26. Bxc8 Qg5 27.
Bh3 Kh7 28. g3 Bg6 29. f4 1-0

[Event "4. Moscu Open 2008"]
[Site "Moscu RUS"]
[Date "2008.02.06"]
[Round "5.36"]
[White "Sveshnikov, Evgeny"]
[Black "Bigaliev, Renat"]
[Result "0-1"]
[WhiteElo "2506"]
[BlackElo "2410"]
[PlyCount "130"]
[EventDate "2008.02.02"]
[EventType "swiss"]
[EventRounds "9"]
[EventCountry "RUS"]
[Source "lmi"]
[SourceDate "2008.02.02"]

1. e4 e6 2. d4 d5 3. e5 c5 4. c3 Nc6 5. Nf3 Bd7 6. Be2 cxd4 7. cxd4 Nge7 8. Na3
Ng6 9. Nc2 Be7 10. O-O f6 11. Bd3 O-O 12. Re1 Rc8 13. Bd2 Qb6 14. Bc3 Nf4 15.
Bf1 fxe5 16. Nxe5 Nxe5 17. Rxe5 Bd6 18. Re3 Rf6 19. g3 Ng6 20. Rf3 Rxf3 21.
Qxf3 Rf8 22. Qe2 e5 23. Bg2 e4 24. Ne3 Ne7 25. Qh5 Be6 26. Qd1 Nc6 27. Qd2 Nb4
28. Bf1 a5 29. a3 Nc6 30. Bg2 Be7 31. Rd1 Qb3 32. Bf1 b5 33. Bxa5 Nxa5 34. Qxa5
Qxb2 35. Rd2 Qxa3 36. Qb6 Bf7 37. Qxb5 Bg5 38. Qb2 Qd6 39. Qc3 Be6 40. Ra2 Rc8
41. Qd2 Qd7 42. Ra5 Rf8 43. Qa2 Bxe3 44. fxe3 Qf7 45. Bg2 Qh5 46. Qd2 Bh3 47.
Ra1 Bxg2 48. Qxg2 Qg5 49. Qe2 Rf3 50. Ra8+ Kf7 51. Ra7+ Kg6 52. Ra6+ Kf5 53.
Rd6 Rxg3+ 54. hxg3 Qxg3+ 55. Kf1 Qxd6 56. Qh5+ g5 57. Qxh7+ Kg4 58. Qf7 Qa6+
59. Kf2 Qa2+ 60. Kf1 Qb1+ 61. Kf2 Qc2+ 62. Ke1 Qc3+ 63. Kf2 Qd2+ 64. Kf1 Qd1+
65. Kf2 Qf3+ 0-1

[Event "4. Moscu Open 2008"]
[Site "Moscu RUS"]
[Date "2008.02.06"]
[Round "5.37"]
[White "Khruschiov, Alexey"]
[Black "Peregudov, Nickolai"]
[Result "1/2-1/2"]
[WhiteElo "2504"]
[BlackElo "2398"]
[PlyCount "85"]
[EventDate "2008.02.02"]
[EventType "swiss"]
[EventRounds "9"]
[EventCountry "RUS"]
[Source "lmi"]
[SourceDate "2008.02.02"]

1. e4 c5 2. Nf3 e6 3. c4 d6 4. d4 cxd4 5. Nxd4 a6 6. Nc3 Nf6 7. Be2 Be7 8. O-O
O-O 9. Be3 Bd7 10. Qd2 Nc6 11. Rfd1 Ne5 12. Rac1 Rc8 13. b3 h6 14. h3 Ng6 15.
Bf1 Qc7 16. g3 Qb8 17. a4 Bd8 18. Bg2 Ba5 19. Nde2 Bb4 20. Qb2 Ba5 21. Qa3 Bc7
22. a5 Rfd8 23. Nf4 Ne5 24. Nd3 Nxd3 25. Rxd3 Be8 26. Bf4 Nd7 27. Rcd1 Ne5 28.
R3d2 Nc6 29. b4 Ne5 30. Qb3 b6 31. axb6 Bxb6 32. Bxe5 dxe5 33. Rxd8 Bxd8 34.
Bf1 a5 35. b5 Be7 36. Ra1 Bb4 37. Na2 Bc5 38. Nc1 Bd4 39. Rxa5 Bxf2+ 40. Kg2
Bb6 41. Ra6 Qd6 42. h4 Qd4 43. Qd3 1/2-1/2

[Event "4. Moscu Open 2008"]
[Site "Moscu RUS"]
[Date "2008.02.06"]
[Round "5.38"]
[White "Kiselev, Vitaliy"]
[Black "Gundavaa, Bayarsaihan"]
[Result "1-0"]
[WhiteElo "2590"]
[BlackElo "2320"]
[PlyCount "75"]
[EventDate "2008.02.02"]
[EventType "swiss"]
[EventRounds "9"]
[EventCountry "RUS"]
[Source "lmi"]
[SourceDate "2008.02.02"]

1. d4 d5 2. c4 c6 3. Nc3 Nf6 4. Nf3 e6 5. Bg5 h6 6. Bh4 dxc4 7. e4 g5 8. Bg3 b5
9. Be2 Bb7 10. O-O Nbd7 11. Ne5 Bg7 12. Nxf7 Kxf7 13. e5 Nd5 14. Ne4 Ke7 15.
Nd6 Qb6 16. Bg4 Raf8 17. Qc2 Rhg8 18. Qg6 Nc7 19. Qe4 Ba8 20. f4 Nf6 21. exf6+
Bxf6 22. fxg5 Qxd4+ 23. Kh1 Qxe4 24. gxf6+ Rxf6 25. Nxe4 Rxf1+ 26. Rxf1 Rxg4
27. Bd6+ Kd8 28. Rf8+ Kd7 29. Rf7+ Ke8 30. Re7+ Kd8 31. Nf6 Rd4 32. Rd7+ Kc8
33. Rxc7+ Kb8 34. Rd7+ Kc8 35. h3 c5 36. Rc7+ Kd8 37. Rxa7 Bxg2+ 38. Kxg2 1-0

[Event "4. Moscu Open 2008"]
[Site "Moscu RUS"]
[Date "2008.02.06"]
[Round "5.39"]
[White "Zolotukhin, Valery"]
[Black "Gubajdullin, Alexei"]
[Result "1-0"]
[WhiteElo "2330"]
[BlackElo "2504"]
[PlyCount "67"]
[EventDate "2008.02.02"]
[EventType "swiss"]
[EventRounds "9"]
[EventCountry "RUS"]
[Source "lmi"]
[SourceDate "2008.02.02"]

1. d4 g6 2. e4 Bg7 3. Nc3 d6 4. f4 c6 5. Nf3 Bg4 6. Be3 Qb6 7. Qd2 Bxf3 8. gxf3
Qd8 9. O-O-O Nf6 10. h4 Nbd7 11. e5 Nd5 12. Nxd5 cxd5 13. h5 e6 14. Bd3 Rg8 15.
hxg6 hxg6 16. f5 exf5 17. Bg5 Qb6 18. exd6 Bxd4 19. Rde1+ Be5 20. Rxe5+ Nxe5
21. Re1 Qxd6 22. f4 f6 23. fxe5 fxe5 24. Qf4 Kf7 25. Rxe5 Rae8 26. Rxf5+ gxf5
27. Qxf5+ Kg7 28. Qh7+ Kf8 29. Bh6+ Qxh6+ 30. Qxh6+ Ke7 31. b3 Rgf8 32. Kb2 a6
33. Qg7+ Rf7 34. Qe5+ 1-0

[Event "4. Moscu Open 2008"]
[Site "Moscu RUS"]
[Date "2008.02.06"]
[Round "5.40"]
[White "Potapov, Alexey"]
[Black "Safarli, Eltaj"]
[Result "0-1"]
[WhiteElo "2320"]
[BlackElo "2496"]
[PlyCount "68"]
[EventDate "2008.02.02"]
[EventType "swiss"]
[EventRounds "9"]
[EventCountry "RUS"]
[Source "lmi"]
[SourceDate "2008.02.02"]

1. d4 Nf6 2. c4 e6 3. Nf3 b6 4. a3 Ba6 5. Qc2 Bb7 6. Nc3 c5 7. e4 cxd4 8. Nxd4
d6 9. g3 Nbd7 10. Bg2 Rc8 11. b3 Be7 12. O-O O-O 13. Bb2 Nc5 14. Rad1 Qc7 15.
Rfe1 Qb8 16. f4 Rfd8 17. h3 Bf8 18. f5 e5 19. Nf3 b5 20. b4 Ncd7 21. cxb5 Nb6
22. Qb3 h6 23. Nd2 Qa8 24. Qa2 d5 25. exd5 Nbxd5 26. Nxd5 Nxd5 27. Nc4 Nxb4 28.
Bxb7 Qxb7 29. axb4 Rxd1 30. Rxd1 Qf3 31. Rd2 Qe4 32. Nxe5 Qe1+ 33. Kg2 Qxd2+
34. Kf3 Rc3+ 0-1

[Event "4. Moscu Open 2008"]
[Site "Moscu RUS"]
[Date "2008.02.06"]
[Round "5.41"]
[White "Bagirov, Rufat"]
[Black "Sharafiev, Azat"]
[Result "1/2-1/2"]
[WhiteElo "2495"]
[BlackElo "2332"]
[PlyCount "52"]
[EventDate "2008.02.02"]
[EventType "swiss"]
[EventRounds "9"]
[EventCountry "RUS"]
[Source "lmi"]
[SourceDate "2008.02.02"]

1. d4 Nf6 2. c4 e6 3. Nf3 b6 4. e3 Bb7 5. Bd3 Be7 6. Nc3 d5 7. cxd5 exd5 8. O-O
O-O 9. b3 Nbd7 10. Bb2 a6 11. Qc2 Bd6 12. Rac1 Re8 13. Ne2 Rc8 14. Bf5 g6 15.
Bh3 Ne4 16. Bxd7 Qxd7 17. Ne5 Qe7 18. Nc6 Qg5 19. h3 Bxc6 20. Qxc6 Nd2 21. Rfd1
Nf3+ 22. Kh1 Nh4 23. Rg1 Qf5 24. Rgf1 Qe4 25. Rg1 Qf5 26. Rgf1 Qe4 1/2-1/2

[Event "4. Moscu Open 2008"]
[Site "Moscu RUS"]
[Date "2008.02.06"]
[Round "5.42"]
[White "Kolmakov, Pavel"]
[Black "Ivanov, Victor L"]
[Result "0-1"]
[WhiteElo "2241"]
[BlackElo "2495"]
[PlyCount "92"]
[EventDate "2008.02.02"]
[EventType "swiss"]
[EventRounds "9"]
[EventCountry "RUS"]
[Source "lmi"]
[SourceDate "2008.02.02"]

1. e4 c5 2. Nf3 e6 3. d4 cxd4 4. Nxd4 a6 5. Bd3 g6 6. c4 Bg7 7. Be3 d5 8. O-O
dxe4 9. Bxe4 Nf6 10. Bf3 Nbd7 11. Nc3 O-O 12. Rc1 Qc7 13. b4 Ne5 14. Be2 Rd8
15. Bf4 b6 16. Bf3 Nxf3+ 17. Qxf3 Qb7 18. Nc6 Re8 19. Rfd1 e5 20. Nxe5 Nh5 21.
Qxb7 Bxb7 22. Nd3 Rac8 23. Na4 Nxf4 24. Nxf4 Bh6 25. g3 Bf3 26. Rf1 Bxf4 27.
gxf4 Re4 28. Nxb6 Rxf4 29. h3 Rc6 30. Nd5 Rh4 31. Kh2 Rcxc4 32. Nc7 Rcg4 33.
Rg1 Rxg1 34. Rxg1 Rxb4 35. Nxa6 Ra4 36. Kg3 Bc6 37. Nb8 Bd5 38. f3 Rxa2 39. Nd7
Kg7 40. Rd1 Bb3 41. Rd3 Bc4 42. Rc3 Bf1 43. Rc7 g5 44. f4 gxf4+ 45. Kxf4 Bxh3
46. Ne5 Be6 0-1

[Event "4. Moscu Open 2008"]
[Site "Moscu RUS"]
[Date "2008.02.06"]
[Round "5.43"]
[White "Tarlev, Konstantin"]
[Black "Galiaev, Andrey"]
[Result "1-0"]
[WhiteElo "2492"]
[BlackElo "2314"]
[PlyCount "76"]
[EventDate "2008.02.02"]
[EventType "swiss"]
[EventRounds "9"]
[EventCountry "RUS"]
[Source "lmi"]
[SourceDate "2008.02.02"]

1. e4 c5 2. Nf3 Nc6 3. d4 cxd4 4. Nxd4 e5 5. Nb5 d6 6. Nd2 a6 7. Nc3 Nf6 8. Bd3
d5 9. exd5 Nxd5 10. Nxd5 Qxd5 11. O-O Be7 12. Nc4 Qd8 13. Re1 Bf6 14. Bf4 O-O
15. Nxe5 Qd4 16. Nxc6 Qxf4 17. Ne7+ Bxe7 18. Rxe7 Qf6 19. Qh5 g6 20. Qe5 Qxe5
21. Rxe5 Be6 22. Kf1 Rfd8 23. Rc5 Rac8 24. Rxc8 Rxc8 25. Ke2 Kf8 26. Kd2 Ke7
27. Re1 Kd6 28. Re4 b5 29. a4 Bd5 30. Rb4 Kc5 31. Kc3 Bc6 32. axb5 axb5 33. g4
h6 34. Rf4 Bd5 35. h4 g5 36. hxg5 hxg5 37. Rf5 b4+ 38. Kd2 Kd4 1-0